000 00317nam a22001457a 4500
003 SGT
020 _a978-93-81608-03-6
082 _a615.538
_bA16S
100 _aSHARMA, NITIN
245 _aAGADHA TANTRA
260 _aNEW DELHI
_bCHAUKHAMBHA PUB
_c2016
300 _a252
650 _aAYURVEDA
942 _2ddc
_cBK
_027
999 _c11372
_d11372